[Event "Minsk Bronstein Memorial op"]
[Site "Minsk"]
[Date "2020.02.23"]
[Round "6"]
[White "Fedoseev, Viktor"]
[Black "Naumovich, Yaroslav"]
[Result "0-1"]
[WhiteElo "2248"]
[BlackElo "1981"]
[PlyCount "86"]
[EventDate "2020.02.22"]
[EventType "swiss (rapid)"]
[EventRounds "10"]
[EventCountry "BLR"]
[SourceTitle "CBM 195 Extra"]
[Source "ChessBase"]
[SourceDate "2020.05.31"]
[SourceVersion "1"]
[SourceVersionDate "2020.05.31"]
[SourceQuality "1"]

1. d4 d5 2. Nf3 Nf6 3. c4 e6 4. g3 Be7 5. Bg2 0-0 6. 0-0 dxc4 7. Ne5 Nbd7 8. Nxc4 c5 9. dxc5 Nxc5 10. Nc3 Qxd1 11. Rxd1 Bd7 12. Ne5 Rad8 13. Nxd7 Rxd7 14. Rxd7 Nfxd7 15. b4 Na6 16. a3 Bf6 17. Bb2 Nc7 18. Nd1 Nd5 19. Bxd5 exd5 20. Bxf6 Nxf6 21. Rc1 Rd8 22. Rc7 Rb8 23. Ne3 Kf8 24. Nf5 Ne8 25. Rd7 Nf6 26. Rc7 Ne8 27. Rc5 Rd8 28. e3 g6 29. Nd4 Ke7 30. Kf1 a6 31. Ke2 Kd6 32. h4 h5 33. Rc3 Nf6 34. f3 Nd7 35. Nb3 Re8 36. Kf2 b6 37. Nd2 Ne5 38. f4 Ng4+ 39. Kf3 f5 40. Nb3 Re4 41. Nd4 Nxe3 42. Rc6+ Kd7 43. Rxb6 Nc4 0-1

[Event "Minsk Bronstein Memorial op"]
[Site "Minsk"]
[Date "2020.02.22"]
[Round "3"]
[White "Kuleba, Ivan"]
[Black "Fedoseev, Viktor"]
[Result "1/2-1/2"]
[WhiteElo "1690"]
[BlackElo "2248"]
[PlyCount "59"]
[EventDate "2020.02.22"]
[EventType "swiss (rapid)"]
[EventRounds "10"]
[EventCountry "BLR"]
[SourceTitle "CBM 195 Extra"]
[Source "ChessBase"]
[SourceDate "2020.05.31"]
[SourceVersion "1"]
[SourceVersionDate "2020.05.31"]
[SourceQuality "1"]

1. c4 Nf6 2. Nc3 d5 3. cxd5 Nxd5 4. g3 c5 5. Bg2 Nc7 6. Nf3 Nc6 7. 0-0 e5 8. d3 Be7 9. Be3 0-0 10. Na4 b6 11. Rc1 Nd5 12. Bd2 Be6 13. Nc3 Rc8 14. Nxd5 Bxd5 15. Bc3 Bf6 16. a3 Nd4 17. Bxd4 exd4 18. Nd2 Bxg2 19. Kxg2 Bg5 20. Rc2 Bxd2 21. Qxd2 Qd5+ 22. Kg1 a5 23. Rfc1 Rce8 24. b4 axb4 25. axb4 Qh5 26. bxc5 bxc5 27. Rxc5 Rxe2 28. Rxh5 Rxd2 29. Rd5 Rxd3 30. Rc4 1/2-1/2